000 01696nam a22002177a 4500
999 _c2832
_d2832
003 OSt
005 20231208095729.0
008 230823b ||||| |||| 00| 0 eng d
020 _a9780192747105
040 _cKH8
082 _a423 AUT
100 _aAutores, Varios,
_eauthor.
245 _aOxford School Dictionary /
_cVarios Autores
260 _aOxford;
_bOxford University Press,
_c2016.
300 _c4.49 x 1.5 x 6.1 inches.
440 _aOxford Dictionaries
520 _aA major new edition of the trusted, bestselling, comprehensive Oxford School Dictionary with new curriculum support. This fantastic new edition will boost your children's vocabulary with new words and meanings from across the curriculum. A helpful new spelling, grammar and punctuation section is included to enhance language skills and bring the dictionary up to date. What makes it the best? It is uniquely powered by the Oxford Children's Corpus, the largest bank of children's language in English, so you can be confident that all entries are clearly written in child-friendly language that children actually understand. Each example is perfectly age-appropriate, making it easy and enjoyable for every child to use. New for this edition is a robust supplement on spelling, grammar and punctuation, giving targeted help with the tricky bits, making this dictionary the perfect tool to support children in their journey to become good readers and writers. As usual, it has been extensively trialled with schools, so you can be sure it is still the best dictionary for your children, in a handy pocket-sized format.
650 _aDictionary
_vEnglish
650 _aDictionary
_vPocket size
942 _2ddc
_cTR